000 01604cam a22004334i 4500
003 PE-LiUPU
005 20250731173023.0
008 150623s r 000 0 d
020 _a1565630165
035 _a(Sirsi) i9781565630161
040 _aPE-LiUPU
_bspa
_cPE-LiUPU
_erda
082 0 4 _a227.077
_bL64
_221
100 1 _aLightfoot, John B.,
_d1818-1889,
_eautor.
245 1 0 _aSt. Paul's epistle to the Galatians :
_ba revises text with introducction, notes and dissertations /
_cJohn Lightfoot.
264 1 _a[Peabody, Massachusetts] :
_bHendrickson Publishers,
_c1999.
300 _a384 páginas ;
_c22 cm.
336 _atext
_2rdacontent
337 _aunmediated
_2rdamedia
338 _avolume
_2rdacarrier
490 0 _aJ.B. Lightfoot's Commentary on the Epistles of St. Paul
505 0 _aSt. Paul's epistle to the Galatians; a revises text with introducction, notes and dissertations.
526 _aSEG42
526 _aSEG41
526 _aSEG40
526 _aSEG39
526 _aP94
526 _aP87
526 _aP86
526 _aP85
526 _aP77
526 _aP76
526 _aP35
630 _aBiblia.
_pN.T.
_PG álatas
_xCrítica, interpretación, etc.
942 _2ddc
_cBOOK
949 _a227.077 L64
_wDEWEY
_c1
_i47841
_lCCODEBUL1
_mBUL
_p00.00
_r0
_sY
_tBOOK
_u2015-06-24
_xTEOLOGIA
_PP35
_0COMPRA
_o.STAFF. Colección General
596 _a1
999 _a227.077 L64
_wDEWEY
_c24313
_i47841
_f2021-11-9
_g5
_lCCODEBUL1
_mBUL
_r0
_sY
_tBOOK
_u2015-6-24
_xTEOLOGIA
_PP35
_0COMPRA
_o.STAFF. Colección General
_d24313
980 _81
_gALBERTO SANCHEZ Responsable de Automatización